| 000 | 00612nam a2200181 i 4500 | ||
|---|---|---|---|
| 001 | 35934 | ||
| 003 | ES-MaACL | ||
| 005 | 20230906155241.0 | ||
| 007 | t| | ||
| 008 | 030214s1942 fr ||||1| fre d | ||
| 100 | 1 |
_aBrémond, Edouard. _931570 |
|
| 245 | 1 | 0 |
_aBibliotheque historique général _b: Berberes et arabes. La Berberú est un pays européen / _cEdouard Brémond ; avec quatre croquis. |
| 260 |
_aParis : _bPayot, _c1942 ( _eMayenne : _fFloch) |
||
| 300 |
_a392 p. ; _c23 cm. |
||
| 740 | 0 | _aBerberes et arabes. | |
| 740 | 3 | _aLa berberú est un pays européen. | |
| 852 |
_aES-MaACL _jF-16130 _bR.20856 |
||
| 999 |
_c35934 _d35934 |
||